Quantitive business management techniques : (Record no. 4717)

MARC details
000 -LEADER
fixed length control field 00896nam a22002417a 4500
003 - CONTROL NUMBER IDENTIFIER
control field URS
005 - DATE AND TIME OF LATEST TRANSACTION
control field 20220117120505.0
008 - FIXED-LENGTH DATA ELEMENTS--GENERAL INFORMATION
fixed length control field 190527b ||||| |||| 00| 0 eng d
040 ## - CATALOGING SOURCE
Description conventions rda
Transcribing agency URS
Language of cataloging eng
050 ## - LIBRARY OF CONGRESS CALL NUMBER
Classification number HD 30.25
Item number .P3709 2016
100 ## - MAIN ENTRY--PERSONAL NAME
Relator code Author.
Personal name Penacilla, Isaias C.
245 ## - TITLE STATEMENT
Title Quantitive business management techniques :
Remainder of title operations research for college students in management service /
Statement of responsibility, etc. Isaias C. Penacilla, Garry P. Dacillo. --
264 #1 - PRODUCTION, PUBLICATION, DISTRIBUTION, MANUFACTURE, AND COPYRIGHT NOTICE
Place of production, publication, distribution, manufacture Quezon City :
Name of producer, publisher, distributor, manufacturer C & E Publishing, Inc.,
Date of production, publication, distribution, manufacture, or copyright notice 2016.
300 ## - PHYSICAL DESCRIPTION
Extent 208 pages :
Other physical details illustrations ;
Dimensions 26 cm
336 ## - CONTENT TYPE
Content type term text
Content type code txt
Source rdacontent
337 ## - MEDIA TYPE
Media type term unmediated
Media type code n
Source rdamedia
338 ## - CARRIER TYPE
Carrier type term volume
Carrier type code nc
Source rdacarrier
504 ## - BIBLIOGRAPHY, ETC. NOTE
Bibliography, etc. note Includes bibliographical references and index.
650 ## - SUBJECT ADDED ENTRY--TOPICAL TERM
Topical term or geographic name entry element Management -- mathematical models.
650 ## - SUBJECT ADDED ENTRY--TOPICAL TERM
Topical term or geographic name entry element Management -- statistical methods.
700 ## - ADDED ENTRY--PERSONAL NAME
Relator code Author.
Personal name Dacillo, Garry P.
942 ## - ADDED ENTRY ELEMENTS (KOHA)
Source of classification or shelving scheme Library of Congress Classification
Koha item type Filipiniana
Holdings
Withdrawn status Source of classification or shelving scheme Damaged status Not for loan Collection code Home library Current library Shelving location Date acquired Source of acquisition Total Checkouts Full call number Barcode Date last seen Price effective from Koha item type
  Library of Congress Classification     Non-fiction Antipolo College Library Antipolo College Library On Display 08/24/2018 Library Fund   HD 30.25 .P3709 2016 URSANT-04831 08/24/2018 08/24/2018 Filipiniana
  Library of Congress Classification     Non-fiction Antipolo College Library Antipolo College Library On Display 08/24/2018 Library Fund   HD 30.25 .P3709 2016 URSANT-04832 08/28/2018 08/24/2018 Filipiniana
  Library of Congress Classification     Non-fiction Antipolo College Library Antipolo College Library On Display 08/24/2018 Library Fund   HD 30.25 .P3709 2016 URSANT-04833 08/28/2018 08/24/2018 Filipiniana
  Library of Congress Classification     Non-fiction Antipolo College Library Antipolo College Library On Display 05/27/2019 Library Fund   HD 30.25 P3709 2016 URSANT-04559 05/27/2019 05/27/2019 Filipiniana
  Library of Congress Classification     Non-fiction Antipolo College Library Antipolo College Library On Display 05/27/2019 Library Fund   HD 30.25 P3709 2016 URSANT-04560 05/27/2019 05/27/2019 Filipiniana
  Library of Congress Classification     Non-fiction Antipolo College Library Antipolo College Library On Display 05/27/2019 Library Fund   HD 30.25 P3709 2016 URSANT-04561 05/27/2019 05/27/2019 Filipiniana

University of Rizal System
Email us at univlibservices@urs.edu.ph

Visit our Website www.urs.edu.ph/library